Process modeling, simulation, and control for chemical engineers (Record no. 13569)

000 -LEADER
fixed length control field 00630nam a2200217 4500
001 - CONTROL NUMBER
control field 13569
003 - CONTROL NUMBER IDENTIFIER
control field BD-DhUET
008 - FIXED-LENGTH DATA ELEMENTS--GENERAL INFORMATION
fixed length control field 721102s1973 nyua b 001 0 eng
020 ## - INTERNATIONAL STANDARD BOOK NUMBER
International Standard Book Number 0070391572
040 ## - CATALOGING SOURCE
Original cataloging agency DLC
Transcribing agency DLC
Modifying agency BD-DhUET
082 00 - DEWEY DECIMAL CLASSIFICATION NUMBER
Classification number 660.284
Item number LUY/1973
100 ## - MAIN ENTRY--PERSONAL NAME
Personal name Luyben, W. L.
245 10 - TITLE STATEMENT
Title Process modeling, simulation, and control for chemical engineers
250 ## - EDITION STATEMENT
Edition statement 1st ed.
260 ## - PUBLICATION, DISTRIBUTION, ETC. (IMPRINT)
Place of publication, distribution, etc. New York
Name of publisher, distributor, etc. McGraw-Hill
Date of publication, distribution, etc. 1973
300 ## - PHYSICAL DESCRIPTION
Extent xvii, 558 p.
Other physical details illus.
Dimensions 24 cm.
490 0# - SERIES STATEMENT
Series statement McGraw-Hill chemical engineering series
504 ## - BIBLIOGRAPHY, ETC. NOTE
Bibliography, etc Includes bibliographical references.
650 #0 - SUBJECT ADDED ENTRY--TOPICAL TERM
Topical term or geographic name as entry element Chemical processes
942 ## - ADDED ENTRY ELEMENTS (KOHA)
Koha item type General Book
Holdings
Location (home branch) Withdrawn status Piece designation (barcode) Price effective from Copy number Lost status Sublocation or collection (holding branch) Koha normalized classification for sorting Date acquired Koha item type Koha date last seen Source of classification or shelving scheme Damaged status Shelving location Koha full call number Not for loan
Central Library, BUET 392292015-03-031 Central Library, BUET660_284000000000000_LUY_19732015-03-03General Book2015-03-03  Circulation section660.284/LUY/1973 
Central Library, BUET 392302015-05-182 Central Library, BUET660_284000000000000_LUY_19732015-05-18General Book2015-05-18  Circulation section660.284/LUY/1973